The condition, elevation, emigration, and destiny of the colored people of the United States.

Bibliographic Details
Main Author: Delany, Martin Robison, 1812-1885
Format: Book
Language:English
Published: New York : Arno Press, 1968.
Series:American Negro, his history and literature.
Subjects:

MARC

Tag First Indicator Second Indicator Subfields
LEADER 00000cam a2200000 4500
001 in00000247828
005 20151010051211.0
008 681810r19681852nyu 00000 eng
010 |a  68028993  
035 |a (OCoLC)00423061 
035 |9 ABB4775AM 
040 |a DLC  |c DLC  |d TXA  |d UtOrBLW 
049 |a TXAM  |c 1 [850293]  |c 2 [1139939] 
050 0 0 |a E185  |b .D33 1968 
082 0 |a 301.451/96/073 
100 1 |a Delany, Martin Robison,  |d 1812-1885. 
245 1 4 |a The condition, elevation, emigration, and destiny of the colored people of the United States. 
264 1 |a New York :  |b Arno Press,  |c 1968. 
300 |a 214 pages ;  |c 18 cm. 
336 |a text  |b txt  |2 rdacontent 
337 |a unmediated  |b n  |2 rdamedia 
338 |a volume  |b nc  |2 rdacarrier 
490 1 |a The American Negro, his history and literature 
500 |a Reprint of the 1852 edition, with a new introduction. 
650 0 |a African Americans. 
830 0 |a American Negro, his history and literature. 
999 |a MARS 
999 f f |s 772a5182-b700-3a2d-916c-a8f2052845c8  |i dc344e39-6791-3f0b-8b60-19ab6de09d98  |t 0 
952 f f |p ric  |a Texas A&M University  |b Rellis Campus  |c Joint Library Facility  |d Remote Storage  |t 0  |e E185 .D33 1968  |h Library of Congress classification  |i unmediated -- volume  |m A14802183885 
998 f f |a E185 .D33 1968  |t 0  |l Remote Storage